|
|
|
|
| LEADER |
00000cam a2200000 7i4500 |
| 001 |
0000278954 |
| 005 |
20210315144244.0 |
| 020 |
|
|
|a 9780674238183
|
| 090 |
0 |
|
|a 320.951
|b CIJ
|
| 100 |
1 |
|
|a Ci, Jiwei
|
| 245 |
1 |
0 |
|a Democracy in China :
|b the coming crisis
|c Jiwei Ci
|
| 260 |
|
|
|a Cambridge, Massachusetts :
|b Harvard University Press ,
|c 2019
|
| 300 |
|
|
|a 420p. ;
|c 25cm.
|
| 650 |
|
0 |
|a Democracy
|z China
|x History
|y 21st century
|
| 650 |
|
0 |
|a Democratization
|z China
|x History
|y 21st century
|
| 650 |
|
0 |
|a Legitimacy of governments
|z China
|x History
|y 21st century
|
| 999 |
|
|
|a 00390686
|b BUKU
|c RUJUKAN
|e PERPUSTAKAAN KOMUNITI PETALING JAYA
|